Normal view
MARC view
- Bodley, John H
Entry Personal Name
001 - CONTROL NUMBER
- control field: 104768
003 - CONTROL NUMBER IDENTIFIER
- control field: NUST
005 - DATE AND TIME OF LATEST TRANSACTION
- control field: 20221213170553.0
008 - FIXED-LENGTH DATA ELEMENTS
- fixed length control field: 221213|| aca||aabn | a|a d
040 ## - CATALOGING SOURCE
- Original cataloging agency: NUST
- Transcribing agency: NUST
100 ## - HEADING--PERSONAL NAME
- Personal name: Bodley, John H
670 ## - SOURCE DATA FOUND
- Source citation: Work cat.: (NUST)0: Bodley, John H., The small nation solution :
